|
|
|
|
| LEADER |
00000nab a2200000 a 4500 |
| 001 |
vtls000894837 |
| 003 |
SK-MaSNL |
| 005 |
20260302175703.0 |
| 008 |
040720e19960807xo 0 slo |
| 035 |
|
|
|a KE3869
|
| 040 |
|
|
|a KEVKJB
|b slo
|c KEVKJB
|e AACR2
|
| 041 |
0 |
|
|a slo
|
| 044 |
|
|
|a xo
|c SK
|
| 080 |
|
|
|a 373.6
|2 1981
|
| 080 |
|
|
|a 78.071.4
|2 1981
|
| 080 |
|
|
|a 929
|2 1981
|
| 100 |
1 |
|
|a Frajt, Milan
|4 aut
|9 798716
|
| 245 |
1 |
0 |
|a Životné poslanie jedného pedagóga
|b "Nemá zmysel robiť kariéru na úkor rodinnej pohody" hovorí Jozef Haluza
|
| 300 |
|
|
|b 1 foto
|
| 590 |
|
|
|a Haluza, Jozef
|b pedagóg, gitarista
|
| 600 |
1 |
7 |
|a Haluza, Jozef
|2 KEVKJB
|9 810772
|
| 610 |
2 |
7 |
|a Konzervatórium (Košice, Slovensko)
|2 KEVKJB
|9 29661
|
| 650 |
0 |
7 |
|a pedagóg
|2 KEVKJB
|9 887589
|
| 650 |
0 |
7 |
|a gitarista
|2 KEVKJB
|9 887590
|
| 650 |
0 |
7 |
|a rozhovory profilové
|2 KEVKJB
|9 873258
|
| 651 |
|
7 |
|a Košice (Slovensko)
|2 KEVKJB
|9 18694
|
| 651 |
|
7 |
|a KE,
|2 KEVKJB
|9 877256
|
| 651 |
|
7 |
|a KE,
|2 KEVKJB
|9 877256
|
| 655 |
|
7 |
|a periodikum
|2 snkbucl
|9 29553
|
| 700 |
1 |
0 |
|a Haluza, Jozef
|4 aut
|9 810772
|
| 710 |
2 |
|
|a Konzervatórium (Košice, Slovensko)
|4 aut
|9 29661
|
| 773 |
0 |
8 |
|t Košický večer
|g Roč. 7
|g Roč. 28, č.153, 7.8.1996, s. 3
|
| 852 |
|
|
|a ZVYKNI
|b KIS3GCP
|
| 999 |
|
|
|c 1407921
|d 1409851
|